Alle EM-Torschützen für die DFB-Elf - Statistiken

Allgemein
  • Dieses Quiz wurde 175 mal gespielt
  • Das Durchschnittsergebnis liegt bei 61 aus 104
Antwortstatistiken
Jahr Gegner Torschütze % Korrekt
1976 Tschechoslowakei (1:2) Dieter Müller
96%
1976 Jugoslawien (4:2) Dieter Müller
96%
1976 Jugoslawien (3:2) Dieter Müller
96%
1976 Jugoslawien (2:2) Dieter Müller
96%
1972 Sowjetunion (3:0) Gerd Müller
96%
1972 Sowjetunion (1:0) Gerd Müller
96%
1972 Belgien (2:0) Gerd Müller
96%
1972 Belgien (1:0) Gerd Müller
96%
2024 Schweiz (1:1) Füllkrug
92%
2024 Schottland (4:0) Füllkrug
92%
2024 Dänemark (2:0) Musiala
92%
2024 Ungarn (1:0) Musiala
92%
2024 Schottland (2:0) Musiala
92%
2024 Spanien (1:1) Wirtz
92%
2024 Schottland (1:0) Wirtz
92%
2024 Dänemark (1:0) Havertz
91%
2024 Schottland (3:0) Havertz
91%
2021 Ungarn (1:1) Havertz
91%
2021 Portugal (3:1) Havertz
91%
2016 Ukraine (2:0) Schweinsteiger
88%
2008 Türkei (1:1) Schweinsteiger
88%
2008 Portugal (1:0) Schweinsteiger
88%
2012 Griechenland (3:1) Klose
86%
2008 Türkei (2:1) Klose
86%
2008 Portugal (2:0) Klose
86%
2012 Griechenland (1:0) Lahm
81%
2008 Türkei (3:2) Lahm
81%
2012 Dänemark (1:0) Podolski
80%
2008 Kroatien (1:2) Podolski
80%
2008 Polen (2:0) Podolski
80%
2008 Polen (1:0) Podolski
80%
2024 Ungarn (2:0) Gündogan
79%
2016 Italien (4:4, 11m) Hummels
78%
2016 Slowakei (2:0) Gomez
77%
2016 Nordirland (1:0) Gomez
77%
2012 Niederlande (2:0) Gomez
77%
2012 Niederlande (1:0) Gomez
77%
2012 Portugal (1:0) Gomez
77%
2016 Italien (6:6, 11m) Boateng
74%
2016 Slowakei (1:0) Boateng
74%
2016 Italien (2:2, 11m) Kroos
74%
2016 Italien (1:0) Özil
72%
2012 Italien (1:2) Özil
72%
2024 Schottland (5:1) Can
68%
2016 Italien (5:5, 11m) Kimmich
67%
2008 Portugal (3:1) Ballack
64%
2008 Österreich (1:0) Ballack
64%
2004 Tschechien (1:0) Ballack
64%
1988 Niederlande (1:0) Matthäus
64%
1996 Kroatien (1:0) Klinsmann
62%
1996 Russland (3:0) Klinsmann
62%
1996 Russland (2:0) Klinsmann
62%
1992 Niederlande (1:2) Klinsmann
62%
1988 Dänemark (1:0) Klinsmann
62%
2012 Griechenland (4:1) Reus
62%
2021 Ungarn (2:2) Goretzka
61%
1996 Tschechien (2:1) Bierhoff
60%
1996 Tschechien (1:1) Bierhoff
60%
1980 Tschechoslowakei (1:0) Rummenigge
60%
1988 Spanien (2:0) Völler
58%
1988 Spanien (1:0) Völler
58%
1984 Rumänien (2:1) Völler
58%
1984 Rumänien (1:0) Völler
58%
2016 Italien (7:6, 11m) Hector
56%
2012 Griechenland (2:1) Khedira
55%
2021 Portugal (4:1) Gosens
50%
1988 Italien (1:1) Brehme
47%
2016 Italien (3:3, 11m) Draxler
45%
2016 Slowakei (3:0) Draxler
45%
2004 Niederlande (1:0) Frings
41%
1996 Kroatien (2:1) Sammer
39%
1996 Russland (1:0) Sammer
39%
2000 Rumänien (1:1) Scholl
39%
1996 England (7:6, 11m) Möller
36%
1996 Tschechien (2:0) Möller
36%
1992 Schottland (2:0) Effenberg
34%
1980 Belgien (2:1) Hrubesch
34%
1980 Belgien (1:0) Hrubesch
34%
2016 Ukraine (1:0) Mustafi
32%
1996 England (2:2, 11m) Häßler
31%
1992 Schweden (1:0) Häßler
31%
1992 GUS (1:1) Häßler
31%
1980 Niederlande (3:0) Allofs
29%
1980 Niederlande (2:0) Allofs
29%
1980 Niederlande (1:0) Allofs
29%
2012 Dänemark (2:1) Bender
28%
1996 England (6:6, 11m) Kuntz
28%
1996 England (1:1) Kuntz
28%
1988 Dänemark (2:0) Thon
27%
1992 Schweden (3:1) Riedle
26%
1992 Schweden (2:0) Riedle
26%
1992 Schottland (1:0) Riedle
26%
1996 England (5:5, 11m) Ziege
22%
1996 Tschechien (1:0) Ziege
22%
1996 England (4:4, 11m) Reuter
18%
1976 Tschechoslowakei (3:3, 11m) Bonhof
11%
1976 Tschechoslowakei (2:2) Hölzenbein
11%
2021 Portugal (2:1) Guerreiro
9%
1996 England (3:3, 11m) Strunz
8%
1976 Tschechoslowakei (4:4, 11m) Flohe
6%
1976 Jugoslawien (1:2) Flohe
6%
2021 Portugal (1:1) Dias
5%
1972 Sowjetunion (2:0) Wimmer
4%
1976 Tschechoslowakei (5:5, 11m) Bongartz
2%
Keine übereinstimmenden Quizze gefunden
Verteilung der Resultate
Anzahl Personen mit jedem Resultat
Perzentil nach korrekt beantworteten Fragen
Ihre Resultats-Entwicklung
Sie haben dieses Quiz noch nicht gespielt